00362nam a22000977a 4500008004100000082001500041100004300056245009900099260005700198300000900255230621b xxu||||| |||| 00| 0 eng d a328.4bCPA cCommonwealth Parliamentary Association aReport of proceedings bfourteenth Commonwealth parliamentary Conference Nassau, November 1968 aLondonbCommonwealth Parliamentary Associationc1968 a350p